Entrepreneurship : (Record no. 17678)
[ view plain ]
| 000 -LEADER | |
|---|---|
| fixed length control field | 00978nam a2200277 a 4500 |
| 001 - CONTROL NUMBER | |
| control field | 015843294 |
| 003 - CONTROL NUMBER IDENTIFIER | |
| control field | OSt |
| 008 - FIXED-LENGTH DATA ELEMENTS--GENERAL INFORMATION | |
| fixed length control field | 110624s2011 xxka frb 001 0 eng d |
| 020 ## - INTERNATIONAL STANDARD BOOK NUMBER | |
| International Standard Book Number | 9780273726135 |
| 020 ## - INTERNATIONAL STANDARD BOOK NUMBER | |
| International Standard Book Number | 0273726137 |
| 040 ## - CATALOGING SOURCE | |
| Original cataloging agency | EG-ScBUE |
| 082 00 - DEWEY DECIMAL CLASSIFICATION NUMBER | |
| Classification number | 658.421 |
| Edition number | 22 |
| Item number | ENT |
| 245 00 - TITLE STATEMENT | |
| Title | Entrepreneurship : |
| Remainder of title | perspectives and cases / |
| Statement of responsibility, etc | edited by Paul Westhead, Mike Wright and Gerard McElwee. |
| 250 ## - EDITION STATEMENT | |
| Edition statement | 1st ed. |
| 260 ## - PUBLICATION, DISTRIBUTION, ETC. (IMPRINT) | |
| Place of publication, distribution, etc | Harlow, United Kingdom : |
| Name of publisher, distributor, etc | Pearson Education Limited, |
| Date of publication, distribution, etc | 2011 |
| Place of manufacture | ([Gosport, United Kingdom] : |
| Manufacturer | Ashford Colour Press Ltd.) |
| 300 ## - PHYSICAL DESCRIPTION | |
| Extent | xxv, 454 p. : |
| Other physical details | ill. ; |
| Dimensions | 25 cm. |
| 500 ## - GENERAL NOTE | |
| General note | Index : p. 441-454. |
| 504 ## - BIBLIOGRAPHY, ETC. NOTE | |
| Bibliography, etc | Bibliography : p. 417-439. |
| 650 #0 - SUBJECT ADDED ENTRY--TOPICAL TERM | |
| Topical term or geographic name as entry element | Entrepreneurship |
| 9 (RLIN) | 240 |
| 653 ## - INDEX TERM--UNCONTROLLED | |
| Resource For college | BAEPS, Business Administration |
| Arrived date list | October2013 |
| -- | September2014 |
| 655 ## - INDEX TERM--GENRE/FORM | |
| Form subdivision | |
| -- | 33728 |
| 700 1# - ADDED ENTRY--PERSONAL NAME | |
| Personal name | Westhead, Paul, |
| Dates associated with a name | 1962- |
| 9 (RLIN) | 34208 |
| Relator term | editor. |
| 700 1# - ADDED ENTRY--PERSONAL NAME | |
| Personal name | Wright, Mike. |
| Dates associated with a name | 1952- |
| 9 (RLIN) | 2236 |
| Relator term | editor. |
| 700 1# - ADDED ENTRY--PERSONAL NAME | |
| Personal name | McElwee, Gerard |
| 9 (RLIN) | 34209 |
| Relator term | editor. |
| 942 ## - ADDED ENTRY ELEMENTS (KOHA) | |
| Source of classification or shelving scheme | Dewey Decimal Classification |
| Item type | Book - Borrowing |
| Call number prefix | 658.421 ENT |
| Withdrawn status | Item status | Source of classification or shelving scheme | Damaged status | Not for loan | Vendor | Home library | Current library | Shelving location | Date acquired | Source of acquisition | Total Checkouts | Full call number | Barcode | Date last seen | Koha item type | Total Renewals | Date last borrowed | Checked out | Cost, normal purchase price | Cost, replacement price |
|---|---|---|---|---|---|---|---|---|---|---|---|---|---|---|---|---|---|---|---|---|
| Dewey Decimal Classification | Baccah | Central Library | Central Library | First floor | 27/10/2013 | 658.421 ENT | 000029441 | 15/07/2025 | NB - Book (Non borrowing) | |||||||||||
| Dewey Decimal Classification | Baccah | Central Library | Central Library | First floor | 27/10/2013 | 9 | 658.421 ENT | 000029442 | 15/07/2025 | Book - Borrowing | 25 | 22/06/2023 | ||||||||
| Dewey Decimal Classification | Baccah | Central Library | Central Library | First floor | 27/10/2013 | 11 | 658.421 ENT | 000029443 | 15/07/2025 | Book - Borrowing | 37 | 19/01/2019 | ||||||||
| Dewey Decimal Classification | Baccah | Central Library | Central Library | First floor | 27/10/2013 | 9 | 658.421 ENT | 000029444 | 15/07/2025 | Book - Borrowing | 24 | 12/12/2018 | ||||||||
| Dewey Decimal Classification | Baccah | Central Library | Central Library | First floor | 27/10/2013 | 12 | 658.421 ENT | 000029445 | 24/08/2025 | Book - Borrowing | 31 | 24/08/2025 | 23/09/2025 | |||||||
| Dewey Decimal Classification | Baccah | Central Library | Central Library | First floor | 30/09/2014 | 9 | 658.421 ENT | 000036445 | 15/07/2025 | Book - Borrowing | 32 | 29/09/2018 | 260.00 | 325.00 | ||||||
| Dewey Decimal Classification | Baccah | Central Library | Central Library | First floor | 30/09/2014 | 7 | 658.421 ENT | 000036446 | 15/07/2025 | Book - Borrowing | 4 | 19/12/2018 | 260.00 | 325.00 | ||||||
| Dewey Decimal Classification | Baccah | Central Library | Central Library | First floor | 30/09/2014 | 7 | 658.421 ENT | 000036447 | 15/07/2025 | Book - Borrowing | 28 | 06/12/2022 | 260.00 | 325.00 | ||||||
| Dewey Decimal Classification | Baccah | Central Library | Central Library | First floor | 30/09/2014 | 7 | 658.421 ENT | 000036448 | 15/07/2025 | Book - Borrowing | 45 | 28/10/2020 | 260.00 | 325.00 | ||||||
| Dewey Decimal Classification | Baccah | Central Library | Central Library | First floor | 30/09/2014 | 6 | 658.421 ENT | 000036449 | 15/07/2025 | Book - Borrowing | 32 | 11/11/2018 | 260.00 | 325.00 |